书目信息 |
| 题名: |
茅以升文集
|
|
| 作者: | 茅以升 著 | |
| 分册: | ||
| 出版信息: | 北京 科学普及出版社 1984 |
|
| 页数: | 267页 | |
| 开本: | 19cm | |
| 丛书名: | ||
| 单 册: | ||
| 中图分类: | N53 , G52-53 | |
| 科图分类: | ||
| 主题词: | 自然科学--文集 , 教育事业--世界 | |
| 电子资源: | ||
| ISBN: | ||
| 000 | 00701nam0 2200277 45 | |
| 001 | 0184002607 | |
| 005 | 20040424154154.3 | |
| 010 | @dCNY0.88 | |
| 091 | @a7051.1033 | |
| 100 | @a19950602d1984 emky0chiy0121 ea | |
| 101 | 0 | @achi |
| 102 | @aCN@b110000 | |
| 105 | @ay z 000yy | |
| 106 | @ar | |
| 200 | 10 | @a茅以升文集@Amao yi sheng wen ji@f茅以升著 |
| 210 | @a北京@c科学普及出版社@d1984 | |
| 215 | @a267页@d19cm | |
| 600 | 0 | @a茅以升@x文集 |
| 606 | @a自然科学@x文集 | |
| 606 | 0 | @a教育事业@x世界 |
| 690 | @aN53@v3 | |
| 690 | @aG52-53 | |
| 701 | 0 | @a茅以升@Amao yi sheng@4著 |
| 801 | 0 | @aCN@b上海图书馆@c20040424 |
| 801 | 2 | @aCN@bNLC@c20040424 |
| 905 | @f2@b107878-879@dG52-53@e4 | |
| 茅以升文集/茅以升著.-北京:科学普及出版社,1984 |
| 267页;19cm |
| ISBN :CNY0.88 |
| ● |
| 相关链接 |
|
|
|
|
正题名:茅以升文集
索取号:G52-53/4
 
预约/预借
| 序号 | 登录号 | 条形码 | 馆藏地/架位号 | 状态 | 备注 |
| 1 | 0107878 | 000215225 | 密集书库/ [索取号:G52-53/4] | 在馆 | |
| 2 | 0107879 | 000462957 | 密集书库/ [索取号:G52-53/4] | 在馆 | |
| 3 | 0107880 | 000462966 | 第一样本阅览室/ [索取号:G52-53/4] | 在馆 |